| 000 | 00736nam a2200241 a 4500 | ||
|---|---|---|---|
| 001 | BRCA_6684 | ||
| 005 | 20190320205543.0 | ||
| 008 | 131011s1915----sp-a######---#000-0#spa-# | ||
| 041 | _aspa | ||
| 044 | _asp | ||
| 050 | 4 |
_aQH366 _b.H32 |
|
| 100 | 1 |
_aHaeckel, Ernesto _916714 |
|
| 245 | 1 | 0 |
_aHistoria de la creación de los seres organizados según las leyes naturales _cErnesto Haeckel; traducción de Cristobal Litran. |
| 260 |
_aValencia _bImp. F. Sempere _c[1915] |
||
| 300 |
_a2 v. _bil. _c23 cm. |
||
| 500 | _aEstado físico: Tomo I tiene la encuadernación desprendida | ||
| 500 | _aL212 | ||
| 650 | 1 | 4 |
_aEvolución _916651 |
| 650 | 1 | 4 |
_aHerencia _916715 |
| 650 | 1 | 4 |
_aHombre _vOrigen _916716 |
| 902 | _aGFM | ||
| 942 |
_2lcc _cB |
||
| 999 |
_c6367 _d6367 |
||